[Event "Bergisch Gladbach-ch"]
[Site "Bergisch Gladbach"]
[Date "2006.10.06"]
[Round "7"]
[White "Frede, Adolf"]
[Black "Raabe, Joachim"]
[Result "1/2-1/2"]
[WhiteElo "1850"]
[BlackElo "1920"]
[PlyCount "237"]
[EventDate "2006.08.25"]
[EventType "swiss"]
[EventRounds "7"]
[EventCountry "GER"]
[SourceTitle "EXT 2008"]
[Source "ChessBase"]
[SourceDate "2007.11.25"]
[SourceVersion "1"]
[SourceVersionDate "2007.11.25"]
[SourceQuality "1"]

1. d4 c5 2. e3 Nf6 3. Nf3 g6 4. c3 cxd4 5. exd4 Bg7 6. Bd3 0-0 7. 0-0 b6 8. Bg5 Bb7 9. Nbd2 d6 10. Re1 Nbd7 11. Bb5 a6 12. Ba4 b5 13. Bb3 Re8 14. a4 Qc7 15. axb5 axb5 16. Rxa8 Bxa8 17. Qa1 Bb7 18. Qd1 e6 19. Qe2 Qb6 20. h3 d5 21. Rb1 Ra8 22. Qf1 Ba6 23. Qe1 Rc8 24. Rc1 Ne8 25. Qe3 Nd6 26. Rb1 b4 27. Qe1 Bd3 28. Rc1 Nc4 29. Nxc4 dxc4 30. Bd1 bxc3 31. bxc3 Qb2 32. Qd2 Rb8 33. Ne1 Be4 34. Bf3 Qxd2 35. Bxd2 Bxf3 36. Nxf3 Rb2 37. Be3 Nb6 38. Nd2 Bf8 39. Rb1 Rxb1+ 40. Nxb1 f5 41. Kf1 Bd6 42. g3 Kf7 43. Ke2 Ke7 44. Nd2 Bc7 45. Kf3 Kd7 46. Bh6 Kc6 47. Ke2 Kd5 48. Be3 Na4 49. Nb1 Ba5 50. Bd2 Nb2 51. Be3 Bc7 52. f4 Ba5 53. Bd2 Bc7 54. Kf3 Bd6 55. Be3 Kc6 56. Ke2 Kb5 57. Kd2 Kc6 58. Ke2 Kd5 59. Kf3 h6 60. Bd2 Be7 61. h4 Bd8 62. Na3 Ba5 63. Nc2 Nd1 64. Ne3+ Nxe3 65. Kxe3 Bd8 66. Kf3 Kc6 67. Ke2 Kb5 68. Kd1 Ka4 69. Kc2 Ka3 70. Bc1+ Ka2 71. Bd2 Be7 72. Bc1 Bd6 73. Bd2 Ba3 74. Be3 Be7 75. Bc1 Bd6 76. Be3 Ka3 77. Bc1+ Ka4 78. Bd2 Ba3 79. Be3 Kb5 80. Kd1 Kc6 81. Ke2 Kd5 82. Kf3 Bb2 83. Bd2 Ba3 84. Ke3 Be7 85. Kf3 Bf6 86. Bc1 Bg7 87. Ke3 g5 88. hxg5 hxg5 89. fxg5 e5 90. dxe5 Bxe5 91. Bd2 Bxg3 92. Kf3 Be5 93. Be1 Ke6 94. Bd2 Kf7 95. Kg2 Kg6 96. Kh3 Kh5 97. Kg2 Kg4 98. Kf2 f4 99. g6 Bg7 100. Be1 Kf5 101. Kf3 Be5 102. Bd2 Kxg6 103. Bxf4 Bxc3 104. Ke2 Kf5 105. Bc1 Ke4 106. Ba3 Ba1 107. Kd2 Kd4 108. Kc2 Ke3 109. Be7 Ke2 110. Bg5 Bd4 111. Be7 Ke3 112. Bg5+ Ke4 113. Bd8 Kd5 114. Bg5 Kc5 115. Be7+ Kb5 116. Bg5 Ka4 117. Bf4 Ka3 118. Bc1+ Ka2 119. Bg5 1/2-1/2

[Event "GER-ch Seniors 18th"]
[Site "Dresden"]
[Date "2006.07.29"]
[Round "8"]
[White "Frede, Adolf"]
[Black "Letmathe, Adolf"]
[Result "1/2-1/2"]
[WhiteElo "1850"]
[BlackElo "1841"]
[PlyCount "79"]
[EventDate "2006.07.22"]
[EventType "swiss"]
[EventRounds "9"]
[EventCountry "GER"]
[SourceTitle "EXT 2022"]
[Source "ChessBase"]
[SourceDate "2021.10.06"]
[SourceVersion "1"]
[SourceVersionDate "2021.10.06"]
[SourceQuality "1"]

1. d4 d5 2. Nf3 Nf6 3. Bf4 Bf5 4. e3 e6 5. Nbd2 Bd6 6. Bxd6 cxd6 7. c4 0-0 8. Rc1 h6 9. Qb3 dxc4 10. Bxc4 Qe7 11. 0-0 Nc6 12. Rc3 Na5 13. Qb4 Nxc4 14. Nxc4 Nd5 15. Qxd6 Qxd6 16. Nxd6 Nxc3 17. bxc3 Bd3 18. Rc1 f6 19. Nxb7 Be4 20. Nc5 Bxf3 21. gxf3 Kf7 22. f4 Rfb8 23. Rc2 Rb1+ 24. Kg2 a5 25. c4 Rab8 26. Nd3 Ra1 27. c5 Ke7 28. e4 Kd7 29. d5 g5 30. Kf3 a4 31. Ke3 a3 32. fxg5 hxg5 33. f4 Rb2 34. c6+ Kc8 35. Nxb2 Rxa2 36. Rc4 axb2 37. Rb4 Ra3+ 38. Kd2 Ra4 39. Rxb2 Rxe4 40. fxg5 1/2-1/2

[Event "GER-ch Seniors 18th"]
[Site "Dresden"]
[Date "2006.07.28"]
[Round "7"]
[White "Mann, Klaus Dieter"]
[Black "Frede, Adolf"]
[Result "1-0"]
[WhiteElo "1910"]
[BlackElo "1850"]
[PlyCount "47"]
[EventDate "2006.07.22"]
[EventType "swiss"]
[EventRounds "9"]
[EventCountry "GER"]
[SourceTitle "EXT 2022"]
[Source "ChessBase"]
[SourceDate "2021.10.06"]
[SourceVersion "1"]
[SourceVersionDate "2021.10.06"]
[SourceQuality "1"]

1. e4 e6 2. d4 d5 3. e5 c5 4. c3 Nc6 5. Nf3 cxd4 6. cxd4 Bb4+ 7. Nc3 Nge7 8. a3 Bxc3+ 9. bxc3 Na5 10. Bd3 Bd7 11. 0-0 Rc8 12. Qc2 Qc7 13. Bd2 Nc4 14. Rfc1 Nxd2 15. Qxd2 Bc6 16. Qg5 Ng6 17. h4 Qe7 18. Qg3 f5 19. exf6 Qxf6 20. Bxg6+ hxg6 21. Re1 Bd7 22. Re3 Ke7 23. Ne5 Rh6 24. Rf3 1-0

[Event "GER-ch Seniors 18th"]
[Site "Dresden"]
[Date "2006.07.27"]
[Round "6"]
[White "Frede, Adolf"]
[Black "Galicki, Ryszard"]
[Result "1-0"]
[WhiteElo "1850"]
[BlackElo "1841"]
[PlyCount "43"]
[EventDate "2006.07.22"]
[EventType "swiss"]
[EventRounds "9"]
[EventCountry "GER"]
[SourceTitle "EXT 2022"]
[Source "ChessBase"]
[SourceDate "2021.10.06"]
[SourceVersion "1"]
[SourceVersionDate "2021.10.06"]
[SourceQuality "1"]

1. d4 d5 2. Nf3 Nc6 3. Bf4 Bg4 4. Nbd2 f6 5. h3 Bh5 6. c3 g5 7. Bh2 Bg7 8. Qb3 b6 9. e3 a6 10. c4 Bf7 11. Rc1 e5 12. cxd5 Bxd5 13. Bc4 Bxc4 14. Qxc4 Nge7 15. 0-0 b5 16. Qe6 Qd6 17. Qb3 0-0-0 18. Ne4 Qd5 19. Qxd5 Rxd5 20. dxe5 Nxe5 21. Bxe5 fxe5 22. Nfxg5 1-0

[Event "Bergisch Gladbach-ch"]
[Site "Bergisch Gladbach"]
[Date "2005.09.30"]
[Round "6"]
[White "Rosenauer, Horst"]
[Black "Frede, Adolf"]
[Result "1/2-1/2"]
[WhiteElo "1740"]
[BlackElo "1814"]
[PlyCount "167"]
[EventDate "2005.08.26"]
[EventType "swiss"]
[EventRounds "7"]
[EventCountry "GER"]
[SourceTitle "CBM 108 Extra"]
[Source "ChessBase"]
[SourceDate "2005.11.04"]
[SourceVersion "1"]
[SourceVersionDate "2005.11.04"]
[SourceQuality "1"]

1. e4 e6 2. d4 d5 3. Nc3 dxe4 4. Nxe4 Nd7 5. Nf3 Ngf6 6. Bd3 c5 7. 0-0 Qc7 8. Re1 Be7 9. c3 a6 10. b3 b6 11. Bb2 Bb7 12. Rc1 0-0 13. Ned2 Rfd8 14. Bb1 Qf4 15. Qc2 Rac8 16. c4 cxd4 17. Bxd4 Bb4 18. Be3 Qg4 19. h3 Qh5 20. Ng5 Nf8 21. f3 h6 22. Nge4 Nxe4 23. fxe4 Qa5 24. Re2 Rd7 25. Rf1 Rcd8 26. Nf3 Bc5 27. Qc1 e5 28. Kh1 Bxe3 29. Qxe3 Ne6 30. Ref2 f6 31. Nh4 Qc5 32. Nf5 Qxe3 33. Nxe3 Rd4 34. Nf5 Rd2 35. Ne7+ Kf7 36. Nd5 Rxf2 37. Rxf2 Rd6 38. Kg1 a5 39. h4 Ke8 40. Bc2 Kd7 41. Bd1 Nd4 42. a3 Ba6 43. Bg4+ Kd8 44. Rb2 Rc6 45. Nc3 Rd6 46. Kf2 Bc8 47. Bd1 Rc6 48. Rd2 Be6 49. Nb5 Ke7 50. Nxd4 exd4 51. Rxd4 Rc5 52. Be2 Bd7 53. Rd5 Rc6 54. Ke3 Be6 55. Rd4 Rc5 56. b4 axb4 57. axb4 Rc7 58. Bd3 Bf7 59. Be2 Be6 60. h5 Rc8 61. Kf4 Ra8 62. Rd2 Ra4 63. Rb2 Kd6 64. Bd1 Ra1 65. Bb3 Rc1 66. Rd2+ Ke7 67. e5 fxe5+ 68. Kxe5 Bxc4 69. Bc2 Re1+ 70. Kd4 Bf7 71. Bd1 Re6 72. Bf3 Rd6+ 73. Kc3 Rxd2 74. Kxd2 Kd6 75. Kd3 Be6 76. Kd4 Bb3 77. Be4 Bf7 78. Bf3 Be6 79. Be2 Bf5 80. Bf3 g6 81. hxg6 Bxg6 82. Bb7 Bf5 83. Bf3 Be6 84. g3 1/2-1/2

[Event "GER-ch Seniors-A 17th"]
[Site "Essen"]
[Date "2005.08.21"]
[Round "2"]
[White "Frede, Adolf"]
[Black "Krafzik, Joachim"]
[Result "1/2-1/2"]
[WhiteElo "1814"]
[BlackElo "2067"]
[PlyCount "74"]
[EventDate "2005.08.20"]
[EventType "swiss"]
[EventRounds "9"]
[EventCountry "GER"]
[SourceTitle "CBM 108 Extra"]
[Source "ChessBase"]
[SourceDate "2005.11.04"]
[SourceVersion "1"]
[SourceVersionDate "2005.11.04"]
[SourceQuality "1"]

1. d4 e6 2. Nf3 f5 3. Bf4 Nf6 4. e3 b6 5. Be2 Bb7 6. Nbd2 Be7 7. c4 0-0 8. 0-0 Nh5 9. Bg3 Nxg3 10. hxg3 Rf6 11. Ne5 d6 12. Bf3 Qc8 13. Bxb7 Qxb7 14. Qf3 c6 15. Nd3 d5 16. Rac1 Nd7 17. Rc2 Bd6 18. Rfc1 Re8 19. cxd5 cxd5 20. Qd1 Rff8 21. Nf3 Rc8 22. Ng5 Rce8 23. Rc6 Qb8 24. Nf4 Bxf4 25. gxf4 Rf6 26. Qa4 Nf8 27. Qa6 h6 28. Nf3 Rf7 29. Ne5 Rb7 30. a3 Nd7 31. Nxd7 Rxd7 32. R1c3 Rb7 33. b4 Kh7 34. Qd3 Qd8 35. Qc2 Qf6 36. Rc7 Rxc7 37. Rxc7 Re7 1/2-1/2

[Event "Bergisch Gladbach-ch 26th"]
[Site "Bergisch Gladbach"]
[Date "2004.09.03"]
[Round "1"]
[White "Frede, Adolf"]
[Black "Seelig, Jochen"]
[Result "1-0"]
[WhiteElo "1816"]
[BlackElo "1303"]
[PlyCount "37"]
[EventDate "2004.09.??"]
[EventType "swiss"]
[EventRounds "7"]
[EventCountry "GER"]
[SourceTitle "EXT 2005"]
[Source "ChessBase"]
[SourceDate "2004.11.15"]
[SourceVersion "1"]
[SourceVersionDate "2004.11.15"]
[SourceQuality "1"]

1. d4 b6 2. Nf3 e6 3. Bf4 Nf6 4. e3 Ba6 5. Bd3 Nd5 6. Bg3 Nb4 7. Bxa6 N4xa6 8. 0-0 d5 9. Nbd2 Bd6 10. Bxd6 cxd6 11. c4 Nc7 12. Rc1 Nd7 13. Qa4 Ke7 14. Rfe1 Nf6 15. e4 dxe4 16. Nxe4 d5 17. Qb4+ Kd7 18. Ne5+ Ke8 19. Nd6+ 1-0

[Event "Bergisch Gladbach-ch 25th"]
[Site "Bergisch Gladbach"]
[Date "2003.10.10"]
[Round "6.12"]
[White "Rosenauer, Horst"]
[Black "Frede, Adolf"]
[Result "0-1"]
[WhiteElo "1688"]
[BlackElo "1864"]
[PlyCount "108"]
[EventDate "2003.08.??"]
[EventType "swiss"]
[EventRounds "7"]
[EventCountry "GER"]
[SourceTitle "EXT 2005"]
[Source "ChessBase"]
[SourceDate "2004.11.15"]
[SourceVersion "1"]
[SourceVersionDate "2004.11.15"]
[SourceQuality "1"]

1. e4 e6 2. d4 d5 3. Nc3 Bb4 4. e5 c5 5. a3 Bxc3+ 6. bxc3 Nc6 7. Nf3 Nge7 8. h4 Qa5 9. Bd2 0-0 10. c4 Qc7 11. cxd5 Nxd5 12. c3 Nde7 13. Bd3 Ng6 14. a4 f5 15. h5 Nge7 16. Qb3 Na5 17. Qa2 c4 18. Bc2 b6 19. Rh3 Bb7 20. Bc1 Nd5 21. Qa3 Rad8 22. h6 g6 23. Bg5 Rd7 24. Nd2 Rc8 25. Bd1 Ne7 26. Kf1 Bd5 27. f4 Nec6 28. Be2 Nd8 29. Rb1 Nf7 30. Bf6 Qb7 31. Nf3 Be4 32. Rb2 Rdc7 33. Bd1 Bd3+ 34. Kg1 Qe4 35. g3 Qe3+ 36. Rf2 Nb3 37. Qb2 Be4 38. Kh2 Nc1 39. Qd2 Qxd2 40. Rxd2 Nb3 41. Rf2 a6 42. Nh4 Nxh6 43. Nxg6 Ng4+ 44. Kg1 Nxf2 45. Kxf2 hxg6 46. Rh8+ Kf7 47. Bd8 Rxd8 48. Rxd8 Bd5 49. Rb8 Rb7 50. Rh8 a5 51. Rh1 Kg7 52. Be2 Nd2 53. g4 Ne4+ 54. Ke3 Nxc3 0-1

[Event "Bergisch Gladbach-ch 25th"]
[Site "Bergisch Gladbach"]
[Date "2003.09.28"]
[Round "5.9"]
[White "Frede, Adolf"]
[Black "Oster Daum, Andreas"]
[Result "0-1"]
[WhiteElo "1864"]
[BlackElo "1750"]
[PlyCount "52"]
[EventDate "2003.08.??"]
[EventType "swiss"]
[EventRounds "7"]
[EventCountry "GER"]
[SourceTitle "EXT 2005"]
[Source "ChessBase"]
[SourceDate "2004.11.15"]
[SourceVersion "1"]
[SourceVersionDate "2004.11.15"]
[SourceQuality "1"]

1. d4 Nf6 2. Nf3 g6 3. Bf4 Bg7 4. e3 d6 5. c3 0-0 6. Nbd2 Nc6 7. Be2 Qe8 8. h3 e5 9. dxe5 dxe5 10. Bh2 Bf5 11. Qa4 e4 12. Nd4 Nxd4 13. Qxe8 Nc2+ 14. Kd1 Nxe3+ 15. fxe3 Nxe8 16. g4 Bd7 17. Nxe4 Bc6 18. Bf3 Rd8+ 19. Ke2 Bb5+ 20. Kf2 f5 21. Nc5 Rd2+ 22. Kg3 fxg4 23. Ne4 Rxb2 24. Bxg4 Bc6 25. Be6+ Kh8 26. Ng5 Rg2+ 0-1

[Event "Bergisch Gladbach-ch 24th"]
[Site "Bergisch Gladbach"]
[Date "2002.09.06"]
[Round "2"]
[White "Frede, Adolf"]
[Black "Arnold, Ingo"]
[Result "1-0"]
[WhiteElo "1880"]
[BlackElo "1687"]
[PlyCount "67"]
[EventDate "2002.08.??"]
[EventType "swiss"]
[EventRounds "7"]
[EventCountry "GER"]
[SourceTitle "EXT 2005"]
[Source "ChessBase"]
[SourceDate "2004.11.15"]
[SourceVersion "1"]
[SourceVersionDate "2004.11.15"]
[SourceQuality "1"]

1. d4 Nf6 2. Nf3 c5 3. c3 g6 4. Bf4 b6 5. e3 Bg7 6. h3 0-0 7. Nbd2 Bb7 8. Be2 d6 9. 0-0 Nbd7 10. Rc1 Re8 11. Bh2 e5 12. dxe5 dxe5 13. Nc4 Bxf3 14. Bxf3 e4 15. Be2 Qe7 16. a4 h5 17. Qc2 Nd5 18. Rcd1 Qe6 19. Qd2 N7f6 20. Qc2 Bf8 21. Rd2 b5 22. axb5 Nb6 23. Na5 Rad8 24. Nc6 Rd7 25. Rfd1 Rxd2 26. Qxd2 Qa2 27. Ne5 Be7 28. Qc2 Bf8 29. Qb1 Qxb1 30. Rxb1 Rd8 31. Kf1 Ra8 32. Ra1 Bd6 33. Kg1 Nc8 34. Bc4 1-0

[Event "Bergisch Gladbach-ch op"]
[Site "Bergisch Gladbach"]
[Date "2001.08.24"]
[Round "2"]
[White "Kremer, Thomas"]
[Black "Frede, Adolf"]
[Result "0-1"]
[WhiteElo "1776"]
[BlackElo "1890"]
[PlyCount "46"]
[EventDate "2001.08.17"]
[EventType "swiss"]
[EventRounds "7"]
[EventCountry "GER"]
[SourceTitle "EXT 2006"]
[Source "ChessBase"]
[SourceDate "2005.11.24"]
[SourceVersion "1"]
[SourceVersionDate "2005.11.24"]
[SourceQuality "1"]

1. e4 e6 2. d3 d5 3. Nd2 Nf6 4. Ngf3 Be7 5. g3 c5 6. Bg2 Nc6 7. 0-0 0-0 8. Re1 Qc7 9. Nf1 Rd8 10. e5 Nd7 11. Bf4 Nf8 12. h4 Ng6 13. Qd2 Nxf4 14. Qxf4 f6 15. c3 fxe5 16. Nxe5 Nxe5 17. Qxe5 Bd6 18. Qh5 Rf8 19. Nd2 Bd7 20. Nf3 Rf5 21. Qg4 h6 22. Re2 Raf8 23. Rae1 e5 0-1

[Event "Bergisch Gladbach-ch op"]
[Site "Bergisch Gladbach"]
[Date "2001.08.17"]
[Round "1"]
[White "Frede, Adolf"]
[Black "Gutt, Detlef"]
[Result "1-0"]
[WhiteElo "1890"]
[BlackElo "1511"]
[PlyCount "91"]
[EventDate "2001.08.17"]
[EventType "swiss"]
[EventRounds "7"]
[EventCountry "GER"]
[SourceTitle "EXT 2006"]
[Source "ChessBase"]
[SourceDate "2005.11.24"]
[SourceVersion "1"]
[SourceVersionDate "2005.11.24"]
[SourceQuality "1"]

1. d4 d5 2. Nf3 Nf6 3. Bf4 Bf5 4. Nbd2 e6 5. c3 Bd6 6. Bxd6 Qxd6 7. e3 Qb6 8. Qa4+ c6 9. b4 0-0 10. Be2 Nbd7 11. 0-0 h6 12. a3 a5 13. Qb3 a4 14. Qb2 c5 15. Ra2 c4 16. Nh4 Bh7 17. f4 Qd8 18. g3 b5 19. Ndf3 Ng4 20. Ng2 f5 21. h3 Ngf6 22. Ne5 Ne4 23. Kh2 Nxe5 24. dxe5 g5 25. Bf3 Bg6 26. Bxe4 dxe4 27. Qd2 Qd3 28. Rf2 Rfd8 29. Qc1 Qd1 30. Qc2 Qxc2 31. Raxc2 Rd1 32. Rfd2 Rd8 33. Rxd8+ Rxd8 34. g4 Rd3 35. Kg3 Kf7 36. fxg5 hxg5 37. gxf5 exf5 38. Kf2 Ke6 39. h4 Kxe5 40. hxg5 Rd6 41. Nf4 Be8 42. Ke1 Bf7 43. Rh2 Rd8 44. Rh6 Rd6 45. Rh7 Be8 46. Re7+ 1-0

[Event "Bergisch Gladbach-ch"]
[Site "Bergisch Gladbach"]
[Date "1996.09.17"]
[Round "4"]
[White "Frede, Adolf"]
[Black "Lutterbeck, Uwe"]
[Result "0-1"]
[WhiteElo "1750"]
[BlackElo "1942"]
[PlyCount "102"]
[EventDate "1996.08.??"]
[EventType "swiss"]
[EventRounds "7"]
[EventCountry "GER"]
[SourceTitle "EXT 2005"]
[Source "ChessBase"]
[SourceDate "2004.11.15"]
[SourceVersion "1"]
[SourceVersionDate "2004.11.15"]
[SourceQuality "1"]

1. d4 Nf6 2. Nc3 g6 3. e4 d6 4. f4 Bg7 5. Nf3 0-0 6. Bc4 Nxe4 7. Nxe4 d5 8. Bd3 dxe4 9. Bxe4 c5 10. Be3 Nd7 11. c3 Nf6 12. Bc2 Nd5 13. Kf2 Nxe3 14. Kxe3 cxd4+ 15. Nxd4 e5 16. fxe5 Qg5+ 17. Kf2 Qxe5 18. Qe2 Qf4+ 19. Nf3 Bd7 20. Qd2 Qc7 21. Bb3 Rad8 22. Rhe1 Bc6 23. Qe3 Rfe8 24. Qc5 Bf8 25. Qc4 b5 26. Qg4 Bxf3 27. Qxf3 Rd2+ 28. Kf1 Red8 29. Rad1 Bc5 30. Rxd2 Rxd2 31. Re2 Rd7 32. g3 Qd8 33. Qc6 Bb6 34. Qxb5 Rd1+ 35. Bxd1 Qxd1+ 36. Kg2 Qg1+ 37. Kf3 Qh1+ 38. Kg4 h5+ 39. Kg5 Qc1+ 40. Kf6 Bd8+ 41. Re7 Bxe7+ 42. Kxe7 Qe3+ 43. Kd6 h4 44. gxh4 Qd2+ 45. Kc5 Qxh2 46. Qb4 Qe5+ 47. Kc6 f5 48. Qc4+ Kh7 49. Qd5 Qf6+ 50. Kd7 f4 51. h5 Qf5+ 0-1